Vài lưu ý về một số khác biệt của lớp từ gốc Hán trong tiếng Nhật và tiếng Việt hiện đại /
Gardado en:
| Autor Principal: | |
|---|---|
| Formato: | Artigo |
| Idioma: | Vietnamese |
| Những chủ đề: | |
| Các nhãn: |
Engadir etiqueta
Sen Etiquetas, Sexa o primeiro en etiquetar este rexistro!
|
| Thư viện lưu trữ: | Thư viện Trường Đại học Đà Lạt |
|---|
| LEADER | 00839nam a2200265 4500 | ||
|---|---|---|---|
| 001 | DLU170179009 | ||
| 005 | ##20170308 | ||
| 040 | # | # | |a DLU |b vie |
| 041 | # | # | |a vie |
| 044 | # | # | |a vn |
| 100 | # | # | |a Cao Thế Trình. |
| 245 | # | # | |a Vài lưu ý về một số khác biệt của lớp từ gốc Hán trong tiếng Nhật và tiếng Việt hiện đại / |c Cao Thế Trình. |
| 653 | # | # | |a Từ gốc Hán |
| 653 | # | # | |a Từ Hán Việt |
| 653 | # | # | |a Tiếng Việt |
| 773 | # | # | |t Tạp chí Nghiên cứu Đông Bắc Á |g Số 3(157), 3-2014, tr.57-67 |
| 920 | # | # | |a Phòng Tạp chí -- Trung tâm Thông tin - Thư viện Trường Đại học Đà Lạt |
| 994 | # | # | |a DLU |
| 900 | # | # | |a True |
| 911 | # | # | |a Trần Thị Minh Hương |
| 925 | # | # | |a G |
| 926 | # | # | |a A |
| 927 | # | # | |a BB |
| 980 | # | # | |a Thư viện Trường Đại học Đà Lạt |